| 000 | 00578nam a22001937a 4500 | ||
|---|---|---|---|
| 005 | 20140811103629.0 | ||
| 010 | _aENG-110355 | ||
| 020 |
_a9789350621806 _c495.00 |
||
| 035 | _aEN-93887 | ||
| 037 | _bDBAD/PUB | ||
| 082 | _a658.4034 | ||
| 100 | _aApte, D. P. | ||
| 245 |
_aOperations research and quantitative techniques : _cby D P Apte _busing MS Excel / |
||
| 260 |
_aNew Delhi _bExcel Books _c2013 |
||
| 270 |
_aA-45, Naraina, Phase I _bNew Delhi _e110028 |
||
| 300 |
_ax,744p. _c28cm(pbk) |
||
| 500 | _aIncludes index | ||
| 942 |
_2ddc _cEN _mAPT _h658.4034 |
||
| 999 |
_c86302 _d86302 |
||